ORGANIC agricultural practices : alternatives to conventional agricultural systems
Gardado en:
| Autor Principal: | |
|---|---|
| Formato: | Libro |
| Idioma: | inglés |
| Publicado: |
Apple Academic Press
2015
|
| Tags: |
Engadir etiqueta
Sen Etiquetas, Sexa o primeiro en etiquetar este rexistro!
|
MARC
| LEADER | 00000nam a22000007a 4500 | ||
|---|---|---|---|
| 008 | 201217b ||||| |||| 00| 0 eng d | ||
| 020 | |a 978-1-77188-082-4 | ||
| 100 | |a edited by Etingoff, Kimberly | ||
| 245 | |a ORGANIC agricultural practices |b : alternatives to conventional agricultural systems |c edited by Kimberly Etingoff |g xxviii, 387p.; ill. | ||
| 250 | |c Etingoff, Kimberly | ||
| 260 | |b Apple Academic Press |c 2015 |h Ontario, Canada |i 689881 |l S605.5 .Or4 |m Organic farming. | ||
| 942 | |a lcc |c BK |e Kuteyi, M. A. |f 17/12/2020 | ||
| 952 | |0 0 |1 0 |2 lcc |4 0 |6 S06055 O R4 |7 0 |9 644 |a HOL |b HOL |c QZ |d 2020-12-17 |l 0 |o S605.5 .Or4 |p 2020-22961 |r 2020-12-17 00:00:00 |w 2020-12-17 |y BK | ||
| 999 | |c 357 |d 357 | ||